000 00472cam a2200145 4500500
005 20251228090952.0
041 _afre
042 _adc
100 1 0 _aLabouret, Denis
_eauthor
245 0 0 _aPages de fin
260 _c2021.
500 _a87
786 0 _nBulletin de l’Amitié Charles Péguy | 175 | 3 | 2021-05-04 | p. 267-267 | 0180-8567
856 4 1 _uhttps://shs.cairn.info/revue-bulletin-de-lamitie-charles-peguy-2021-3-page-267?lang=fr&redirect-ssocas=7080
999 _c1602939
_d1602939